000 00612nam a22002297a 4500
003 OSt
005 20140310182957.0
008 130208t xxu||||| |||| 00| 0 eng d
020 _a9710870718
050 _aBF 723
_b.Sa237 2009
082 _aF 155.2
_b.S237 2009
245 _aPersonality for today's young professional /
_cSantos, Amparo E.
250 _a2nd ed.
260 _aManila
_bNational Book Store
_c2009
300 _axiv, 217 p.
_c25.4 cm.
521 _acollege students
526 _c1210L-1700L
541 _j1
541 _j2
562 _e2
942 _2lcc
_cBK
_kPSYCH-FIL
999 _c18034
_d18034